000 01719nam0a2200361 4500
001 RU\NLR\bibl\457956
005 20260405071028.0
021 _aRU
_b2003-49164
_92369
035 _a(NLR Aleph) 000451471
090 _a876727
_c876727
100 _a20031112d2003 |||y0rusy50 ca
101 0 _arus
_deng
102 _aRU
105 _aa |||||||||
200 1 _aО гидродинамической аналогии решения дважды осредненной проблемы Хилла. Модель стратифицированной жидкости
_fБ.И. Рабинович, В.И. Прохоренко
210 _aМ.
_cИКИ
_d2003
215 _a28,[1] с.
_cил.
_d20
225 1 _aРоссийская академия наук, Институт космических исследований
_vПр-2082
313 _aЭволюция эллиптических орбит.
320 _aБиблиогр.: с. 26-28(19 назв.)
606 0 _aВозмущения небесных тел
_xВычисление
_xХилла методы
_92142601
_3RU\NLR\auth\661595783
606 0 _aНебесные тела
_xЭллиптические орбиты
_xРасчет
_92146106
_3RU\NLR\auth\661292947
606 0 _aЭволюционные уравнения
_91305052
_3RU\NLR\auth\66540900
686 _aВ621.21с11
686 _aВ622.1
700 1 _4070
_8rus
_7ca
_aРабинович
_bБ. И.
_cд-р техн. наук
_f1924-2010
_gБорис Исаакович
_3RU\NLR\AUTH\7724207
_97258
701 1 _aПрохоренко
_bВ. И.
_4070
801 0 _aRU
_bNLR
_c20031112
_gPSBO
801 1 _aRU
_bNLR
_c20031112
942 _cBOOK
980 _aNB